000 00414nam a2200157Ia 4500
008 221030s9999 xx 000 0 und d
020 _a8120303482
041 _aEnglish
082 _a105.23
_bGot
100 _aW. H. Gothmann
245 0 _aDigital Electronics - An Introduction to Theory & Practice
_cby W. H. Gothmann
260 _bPHI
_aNew Delhi
_c1996
300 _a383
650 _aBE Computer
942 _cBK
999 _c8594
_d8594